[Event "ch-Commonwealth"]
[Site "Mumbai IND"]
[Date "2004.01.13"]
[Round "4"]
[White "Thipsay,B"]
[Black "Sharma,D"]
[Result "1/2-1/2"]
[WhiteElo "2231"]
[BlackElo "2373"]
[EventDate "2004.01.10"]

1. e4 e5 2. Nf3 Nc6 3. Bc4 Bc5 4. c3 Nf6 5. d3 a6 6. O-O Ba7 7. Bb3 d6 8.
Be3 O-O 9. Nbd2 Bxe3 10. fxe3 Be6 11. d4 Bxb3 1/2-1/2

[Event "ch-Commonwealth"]
[Site "Mumbai IND"]
[Date "2004.01.13"]
[Round "4"]
[White "Gokhale,A"]
[Black "Konguvel,P"]
[Result "0-1"]
[WhiteElo "2218"]
[BlackElo "2366"]
[EventDate "2004.01.10"]

1. c4 Nf6 2. Nf3 g6 3. b3 Bg7 4. Bb2 O-O 5. g3 c5 6. Bg2 Nc6 7. O-O d6 8.
d3 Rb8 9. Nc3 a6 10. d4 b5 11. d5 Na5 12. cxb5 axb5 13. Nd2 b4 14. Ncb1 e6
15. dxe6 Bxe6 16. e4 Qb6 17. Qc1 Rfe8 18. Re1 Nc6 19. Nc4 Bxc4 20. bxc4 Nd4
21. Nd2 Nd7 22. f4 Qa6 23. Nb3 Nb6 24. Nxd4 cxd4 25. Bf1 Na4 26. Bd3 d5 27.
Qc2 Nxb2 28. Qxb2 dxc4 29. Bf1 d3 30. e5 Bf8 31. Bg2 Bc5+ 32. Kh1 Qb6 33.
Rad1 Rbd8 34. Be4 c3 35. Qb3 Bf2 36. Rf1 Qe3 37. Bd5 c2 38. Bxf7+ 0-1

[Event "ch-Commonwealth"]
[Site "Mumbai IND"]
[Date "2004.01.13"]
[Round "4"]
[White "Sharma,Vi"]
[Black "Ravi,Th"]
[Result "1/2-1/2"]
[WhiteElo "2208"]
[BlackElo "2353"]
[EventDate "2004.01.10"]

1. d4 Nf6 2. c4 e6 3. Nc3 Bb4 4. e3 b6 5. Nge2 Ne4 6. Qc2 Bb7 7. a3 Bxc3+
8. Nxc3 f5 9. Nxe4 fxe4 10. g3 O-O 11. Bg2 Qf6 12. O-O Qf5 13. b4 d6 14.
Bb2 Nd7 15. d5 exd5 16. cxd5 Bxd5 17. Rad1 c6 18. b5 Rac8 19. bxc6 Rxc6 20.
Qa4 Rc4 21. Qb5 Rc5 22. Qa4 Rc4 23. Qb5 Nc5 24. Rd2 Ra4 25. Rc1 Ra5 26. Qb4
Nd3 27. Rc7 Rf7 28. Rxf7 Qxf7 29. Qxd6 1/2-1/2

[Event "ch-Commonwealth"]
[Site "Mumbai IND"]
[Date "2004.01.13"]
[Round "4"]
[White "Palit,S"]
[Black "Sai Krishna,S"]
[Result "1-0"]
[WhiteElo "2348"]
[BlackElo "1951"]
[EventDate "2004.01.10"]

1. e4 d6 2. d4 Nf6 3. Nc3 g6 4. Be3 Bg7 5. f3 c6 6. Qd2 b5 7. g4 Qa5 8. g5
Nfd7 9. h4 a6 10. h5 e6 11. hxg6 hxg6 12. Rxh8+ Bxh8 13. Qh2 Bg7 14. Qxd6
c5 15. Nge2 Bb7 16. dxc5 Nc6 17. Nd4 Bxd4 18. Bxd4 O-O-O 19. O-O-O b4 20.
Nd5 Nde5 21. Bxe5 Rxd6 22. Bxd6 Qxa2 23. Nb6+ Kd8 24. Be5+ Ke8 25. Bf6 Qa1+
26. Kd2 Qa5 27. Nc4 Qxc5 28. Kc1 b3 29. cxb3 e5 30. Kb1 Nd4 31. Bxe5 Ne6
32. Bf6 Bc6 33. Nd6+ Kf8 34. Bc4 Ng7 35. Nxf7 Ne8 1-0

[Event "ch-Commonwealth"]
[Site "Mumbai IND"]
[Date "2004.01.13"]
[Round "4"]
[White "Meera,S"]
[Black "Hegde,R"]
[Result "1/2-1/2"]
[WhiteElo "2173"]
[BlackElo "2344"]
[EventDate "2004.01.10"]

1. e4 e5 2. Nf3 d6 3. d4 exd4 4. Qxd4 Nf6 5. Nc3 Be7 6. e5 dxe5 7. Qxd8+
Bxd8 8. Nxe5 O-O 9. Bc4 Nbd7 10. Nxd7 Bxd7 11. O-O c6 12. Be3 Re8 13. a4
Be6 14. Bxe6 Rxe6 15. a5 Re5 16. a6 b6 17. Bd4 Re8 18. Rfe1 Be7 19. f3 Rad8
20. Bf2 Bb4 21. Rxe8+ Nxe8 22. Ne2 Rd2 23. c3 Rxe2 24. cxb4 Nc7 25. Rd1 h6
26. Rd8+ Kh7 27. Rd7 Nb5 28. Rxf7 Rxb2 29. Bg3 Rb1+ 30. Kf2 Rb2+ 31. Kg1
Rb1+ 1/2-1/2

[Event "ch-Commonwealth"]
[Site "Mumbai IND"]
[Date "2004.01.13"]
[Round "4"]
[White "Mosenya,N"]
[Black "Babu,NS"]
[Result "0-1"]
[WhiteElo "2034"]
[BlackElo "2339"]
[EventDate "2004.01.10"]

1. e4 e5 2. Nf3 Nc6 3. Bb5 a6 4. Bxc6 dxc6 5. O-O f6 6. d4 exd4 7. Nxd4 c5
8. Nb3 Qxd1 9. Rxd1 Bg4 10. f3 Bd7 11. Bf4 O-O-O 12. Nc3 c4 13. Na5 b5 14.
Nd5 Bc5+ 15. Kf1 c6 16. b4 Ba7 17. Nc7 Bb8 18. Ne6 Bxf4 19. Nxc6 Re8 20.
Na7+ Kb8 21. Nxf4 Re7 22. Nd5 Re6 23. Nb6 Be8 24. Nac8 Kc7 25. Rd4 Nh6 26.
Rad1 Rxb6 27. Nxb6 Kxb6 28. Rd6+ Bc6 29. Rd8 Rxd8 30. Rxd8 f5 31. e5 Nf7
32. Rb8+ Kc7 33. e6 Ng5 34. Rf8 Nxe6 35. Rxf5 Kd6 36. c3 Bd7 37. Ke1 Be8
38. f4 Bg6 39. Re5 Nxf4 40. Rg5 Ne6 41. Rg4 Bf5 42. Rg3 Be4 43. Kf2 Ke5 44.
Re3 Nf4 45. g3 Nd5 46. Re1 Nxc3 47. a3 Kd4 48. g4 Nb1 49. Re2 Bd3 0-1

[Event "ch-Commonwealth"]
[Site "Mumbai IND"]
[Date "2004.01.13"]
[Round "4"]
[White "Mohota,N"]
[Black "Vinuthna,N"]
[Result "1/2-1/2"]
[WhiteElo "2337"]
[BlackElo "2094"]
[EventDate "2004.01.10"]

1. d4 g6 2. c4 Bg7 3. e4 d6 4. Nc3 Nf6 5. f3 O-O 6. Nge2 Nc6 7. Bg5 a6 8.
Qd2 Rb8 9. Rc1 Bd7 10. b3 Re8 11. d5 Na7 12. Nd4 c5 13. Nc2 b5 14. Bd3 Qa5
15. O-O e6 16. Ne3 b4 17. Ne2 exd5 18. Nxd5 Nxd5 19. exd5 Nc8 20. h3 Qc7
21. g4 Ne7 22. Rfe1 Kh8 23. Bh6 Bf6 24. g5 Bg7 25. Bxg7+ Kxg7 26. Qb2+ Kg8
27. Ng3 Bf5 28. Bxf5 Nxf5 29. Ne4 Rxe4 30. Rxe4 Nd4 31. Kg2 Qd7 32. Rce1
Nxf3 33. Kxf3 Qxh3+ 34. Kf4 Qh4+ 35. Kf3 Qh3+ 36. Kf4 Qh4+ 1/2-1/2

[Event "ch-Commonwealth"]
[Site "Mumbai IND"]
[Date "2004.01.13"]
[Round "4"]
[White "Sandipan,C"]
[Black "Coleman,J"]
[Result "1-0"]
[WhiteElo "2522"]
[BlackElo "2193"]
[EventDate "2004.01.10"]

1. e4 e5 2. Nf3 Nc6 3. Bb5 a6 4. Ba4 Nf6 5. O-O Be7 6. Re1 b5 7. Bb3 d6 8.
c3 O-O 9. h3 Na5 10. Bc2 c5 11. d4 Re8 12. Nbd2 Bf8 13. dxe5 dxe5 14. Nh2
c4 15. Qf3 Nb7 16. Ndf1 Nc5 17. Rd1 Qc7 18. Bg5 Be7 19. Ne3 Bb7 20. Bxf6
Bxf6 21. Nhg4 Bg5 22. Nd5 Bxd5 23. Rxd5 Rad8 24. Rad1 Rxd5 25. Rxd5 h5 26.
Ne3 Bxe3 27. Qxe3 Ne6 28. g3 Rd8 29. h4 Rd7 30. Qf3 g6 31. Qf6 Rxd5 32.
exd5 Nc5 33. d6 Qd7 34. Qxe5 Nb7 35. Qe7 Qxe7 36. dxe7 Nd6 37. g4 hxg4 38.
h5 gxh5 39. Bf5 Kg7 40. Bd7 Kf6 41. e8=Q Nxe8 42. Bxe8 Ke7 43. Bc6 Kd6 44.
Bb7 a5 45. Kg2 b4 46. Kg3 Ke5 47. f4+ gxf3 48. Bxf3 h4+ 49. Kxh4 Kf4 50.
Bd5 bxc3 51. bxc3 1-0

[Event "ch-Commonwealth"]
[Site "Mumbai IND"]
[Date "2004.01.13"]
[Round "4"]
[White "Negi,V"]
[Black "Ramesh,R"]
[Result "0-1"]
[WhiteElo "2188"]
[BlackElo "2506"]
[EventDate "2004.01.10"]

1. e4 c5 2. Nf3 Nc6 3. d4 cxd4 4. Nxd4 Nf6 5. Nc3 d6 6. Bc4 Qb6 7. Nb3 e6
8. O-O Be7 9. Kh1 a6 10. f4 Qc7 11. Bd3 b5 12. Qf3 Bb7 13. Bd2 O-O 14. Rae1
b4 15. Nd1 a5 16. Qh3 Ba6 17. Ne3 a4 18. Nc1 d5 19. exd5 Bxd3 20. Nxd3 exd5
21. Ne5 Rfe8 22. Qf5 Bc5 23. N5g4 Nxg4 24. Nxg4 Qd6 25. Ne5 Nxe5 26. fxe5
Qe6 27. Qd3 Bf8 28. h3 Rec8 29. Rf4 Rc4 30. b3 axb3 31. axb3 Rxf4 32. Bxf4
Rc8 33. Rd1 h6 34. Rd2 g5 35. Bh2 Rc3 36. Qe2 Bg7 37. Qd1 Qc6 38. Rxd5 Rxc2
39. Qd4 Re2 40. Bg3 Bf8 41. h4 Qc1+ 42. Kh2 Qf1 43. Qg1 Qf3 44. Rd8 Qe4 45.
hxg5 hxg5 46. Qf1 Re3 47. e6 Qh7+ 48. Kg1 Rxe6 49. Qc1 Qf5 50. Bf2 Qf6 51.
Ra8 Kg7 52. Qc4 Rd6 53. Ra6 Rxa6 54. Bd4 Ra1+ 0-1

[Event "ch-Commonwealth"]
[Site "Mumbai IND"]
[Date "2004.01.13"]
[Round "4"]
[White "Gupta,Ab"]
[Black "Neelakantan,N"]
[Result "1-0"]
[WhiteElo "2392"]
[BlackElo "2183"]
[EventDate "2004.01.10"]

1. d4 d5 2. Bg5 c5 3. dxc5 f6 4. Bh4 e5 5. e4 dxe4 6. Qxd8+ Kxd8 7. Nc3 Bf5
8. Nge2 g5 9. O-O-O+ Kc8 10. Bg3 Bxc5 11. Na4 Be7 12. Nec3 Bd7 13. Bc4 Nh6
14. Nd5 Re8 15. Nab6+ axb6 16. Nxb6+ Kd8 17. Bb5 Kc7 18. Nxa8+ 1-0

[Event "ch-Commonwealth"]
[Site "Mumbai IND"]
[Date "2004.01.13"]
[Round "4"]
[White "Singh,G"]
[Black "Aswin,J"]
[Result "1-0"]
[WhiteElo "2360"]
[BlackElo "2127"]
[EventDate "2004.01.10"]

1. e4 c5 2. Nf3 Nc6 3. d4 cxd4 4. Nxd4 Nf6 5. Nc3 e5 6. Ndb5 d6 7. Bg5 a6
8. Na3 b5 9. Bxf6 gxf6 10. Nd5 Bg7 11. c3 f5 12. exf5 Bxf5 13. Nc2 Be6 14.
g3 O-O 15. Bg2 a5 16. O-O Rb8 17. Qd2 Ne7 18. Rad1 Bxd5 19. Bxd5 Kh8 20.
Bg2 Rb6 21. f4 f5 22. fxe5 Bxe5 23. Nd4 Qc8 24. Qe3 Qc5 25. b4 axb4 26.
cxb4 Qxb4 27. Nf3 Ra6 28. Nxe5 dxe5 29. Qxe5+ Raf6 30. Rd7 Ng8 31. Rxf5
Qb1+ 32. Rf1 Qxa2 33. Be4 R8f7 34. Bd5 Qd2 35. Rxf7 1-0

[Event "ch-Commonwealth"]
[Site "Mumbai IND"]
[Date "2004.01.13"]
[Round "4"]
[White "Venkatesh,H"]
[Black "Sengupta,D"]
[Result "0-1"]
[WhiteElo "2094"]
[BlackElo "2349"]
[EventDate "2004.01.10"]

1. Nf3 c5 2. g3 Nc6 3. e4 g6 4. Bg2 Bg7 5. O-O d6 6. c3 e5 7. d3 Nge7 8.
Nbd2 O-O 9. a3 a5 10. a4 h6 11. Ne1 Be6 12. Nc2 f5 13. exf5 Bxf5 14. Ne4 b6
15. f4 d5 16. Nf2 exf4 17. gxf4 Qd7 18. Ne1 Rae8 19. Qb3 Qd8 20. Nf3 Kh7
21. Bd2 d4 22. Rfe1 Qc7 23. Re2 Bd7 24. Rae1 Nf5 25. Ng4 Rxe2 26. Rxe2 dxc3
27. bxc3 Nh4 28. Nxh4 Bxg4 29. Be4 Ne7 30. Rg2 Bh5 31. Qe6 Bf6 32. Be1 Qxf4
33. Qh3 Bd4+ 0-1

[Event "ch-Commonwealth"]
[Site "Mumbai IND"]
[Date "2004.01.13"]
[Round "4"]
[White "Sivanandan,B"]
[Black "Priyadharshan,K"]
[Result "0-1"]
[WhiteElo "2340"]
[BlackElo "2052"]
[EventDate "2004.01.10"]

1. e4 e5 2. Nf3 Nc6 3. Bb5 Nf6 4. O-O Nxe4 5. d4 Nd6 6. dxe5 Nxb5 7. a4
Nbd4 8. Nxd4 Nxd4 9. Qxd4 d5 10. Nc3 c6 11. a5 Bf5 12. Be3 Be7 13. f4 O-O
14. Rf2 Qd7 15. Raf1 Rfd8 16. g4 c5 17. Qxd5 Bxg4 18. Qxd7 Bxd7 19. f5 Bc6
20. f6 gxf6 21. exf6 Bd6 22. Rf5 Kh8 23. Bh6 Bf8 24. Bf4 Bd6 25. Bh6 Bf8
26. Bg5 Rd4 27. Kf2 Rg4 28. Rg1 Rxg1 29. Kxg1 Re8 30. Kf2 h6 31. Be3 b6 32.
a6 Kh7 33. Ne2 Kg6 34. Rf4 Re6 35. Rg4+ Kh7 36. b4 Rxf6+ 37. Ke1 Bf3 38.
Rc4 Re6 39. Kf2 Bxe2 40. Kxe2 cxb4 41. Kd3 Rd6+ 42. Ke4 Rd7 43. Rc8 Bd6 44.
h3 Re7+ 45. Kd3 f5 46. Rd8 Be5 47. Rf8 Kg6 48. h4 Rd7+ 49. Kc4 Rc7+ 50. Kd3
Bg7 51. Rb8 Rc3+ 52. Kd2 Ra3 53. Rg8 Kh7 54. Rc8 Bc3+ 55. Ke2 Rxa6 56. Rc7+
Kg8 57. Bxh6 Ra1 58. Be3 Ra2 59. Kd3 Ra5 60. h5 Ra3 61. Ke2 Be5 62. Rc8+
Kf7 63. h6 Rc3 64. Ra8 Rxc2+ 65. Kd3 Rc3+ 66. Kd2 f4 67. Rxa7+ Kg6 68. Bxb6
Kxh6 69. Re7 Rc6 70. Ba5 Bc3+ 71. Ke2 Kg5 72. Kf3 Rh6 73. Bd8 Rh3+ 74. Kg2
Kg4 75. Re4 Rg3+ 76. Kf2 b3 77. Re7 b2 78. Rb7 Rd3 79. Ba5 Rd1 80. Bxc3
b1=Q 81. Rxb1 Rxb1 82. Bd4 f3 83. Bc5 Rc1 84. Bd4 Rc2+ 85. Kf1 Kf4 86. Ba7
Rb2 87. Bd4 Rb4 88. Bc5 Rb5 89. Bd4 Kg3 90. Bf2+ Kh3 91. Bd4 Rd5 92. Be3
Re5 93. Kf2 Rxe3 94. Kg1 Kg3 95. Kf1 Re2 0-1

[Event "ch-Commonwealth"]
[Site "Mumbai IND"]
[Date "2004.01.13"]
[Round "4"]
[White "Sinha,Ab"]
[Black "Lim Yee Weng"]
[Result "0-1"]
[WhiteElo "1994"]
[BlackElo "2311"]
[EventDate "2004.01.10"]

1. Nf3 f5 2. e3 Nf6 3. b3 d6 4. Bb2 e5 5. d3 g6 6. Be2 Bg7 7. Nbd2 Nc6 8.
a3 a5 9. Rc1 O-O 10. O-O h6 11. e4 g5 12. exf5 Bxf5 13. h4 g4 14. Nh2 h5
15. g3 Nd4 16. f3 Nd5 17. Rf2 Ne3 18. Qe1 Ndxc2 19. Rxc2 Nxc2 20. Qc1 Nd4
21. Bxd4 exd4 22. fxg4 hxg4 23. Nxg4 Qd7 24. Nh2 Bh6 25. Kf1 Bg6 26. g4 Be3
27. Rxf8+ Rxf8+ 28. Ke1 Qe6 29. h5 Bxd3 30. Bxd3 Bxd2+ 31. Kxd2 Qe3+ 32.
Kc2 Rf2+ 33. Kb1 0-1

[Event "ch-Commonwealth"]
[Site "Mumbai IND"]
[Date "2004.01.13"]
[Round "4"]
[White "Udeshi,A"]
[Black "Gokhale,J"]
[Result "0-1"]
[WhiteElo "1952"]
[BlackElo "2308"]
[EventDate "2004.01.10"]

1. e4 c5 2. Nc3 e6 3. g3 Nc6 4. Bg2 Nf6 5. f4 d5 6. e5 Nd7 7. Nf3 Be7 8. d3
O-O 9. O-O a6 10. Re1 b5 11. Ne2 f5 12. exf6 Nxf6 13. Ne5 Qc7 14. Nxc6 Qxc6
15. d4 b4 16. c4 Bb7 17. b3 Qb6 18. Bb2 Rfd8 19. Qd2 dxc4 20. bxc4 cxd4 21.
Nxd4 Bc5 22. Rad1 Rd6 23. Re5 Bxg2 24. Kxg2 Rad8 25. Rxc5 Qxc5 26. Qd3 Qb6
27. h3 Qb7+ 28. Qf3 Qe4 29. c5 Rxd4 30. Qxe4 Rd2+ 31. Kf3 Nxe4 32. Rxd2
Nxd2+ 33. Ke2 Ne4 34. c6 Nc3+ 35. Kf3 Rc8 36. a3 Na4 37. Be5 b3 38. Ke4
Rxc6 0-1

[Event "ch-Commonwealth"]
[Site "Mumbai IND"]
[Date "2004.01.13"]
[Round "4"]
[White "Ramaswamy,A"]
[Black "Dave,D"]
[Result "1/2-1/2"]
[WhiteElo "2280"]
[BlackElo "1921"]
[EventDate "2004.01.10"]

1. e4 c5 2. Nf3 d6 3. d4 cxd4 4. Nxd4 Nf6 5. Nc3 Nc6 6. Be2 a6 7. O-O e5 8.
Nf3 h6 9. Re1 Be7 10. h3 O-O 11. Bf1 Qc7 12. Nh2 b5 13. Ng4 Nxg4 14. hxg4
Qd8 15. Nd5 Be6 16. c3 Rc8 17. a4 Rb8 18. axb5 axb5 19. Ra6 Bd7 20. Be3 Bg5
21. f3 Bxe3+ 22. Rxe3 Re8 23. Rd3 Re6 24. Ne3 Rb6 25. Ra2 Bc8 26. b4 Ne7
27. Nf5 Nxf5 28. gxf5 Rf6 29. Qd2 g5 30. Qe3 Qc7 31. Rd5 Qb7 32. Rd1 Ra6
33. Rda1 Rxa2 34. Rxa2 Kg7 35. Ra5 Bd7 36. Kh2 d5 37. Ra7 Qc6 38. exd5 Qxd5
39. Qe4 Qxe4 40. fxe4 Bc6 41. Bd3 Rd6 42. Ra6 Rxd3 43. Rxc6 Re3 44. Rc5
Rxe4 45. Rxb5 Rc4 46. Rxe5 Rxc3 47. Rb5 Rb3 48. g4 h5 49. gxh5 Kh6 1/2-1/2

[Event "ch-Commonwealth"]
[Site "Mumbai IND"]
[Date "2004.01.13"]
[Round "4"]
[White "Abhishek,K"]
[Black "Balaji,G"]
[Result "0-1"]
[WhiteElo "2014"]
[BlackElo "2266"]
[EventDate "2004.01.10"]

1. e4 c5 2. Nc3 Nc6 3. g3 g6 4. Bg2 Bg7 5. d3 e6 6. Be3 d6 7. Nh3 Rb8 8.
O-O Nge7 9. Qd2 O-O 10. Bh6 b5 11. Bxg7 Kxg7 12. f4 b4 13. Nd1 d5 14. Qf2
dxe4 15. Bxe4 Qd4 16. Ne3 Qxb2 17. g4 f5 18. Bf3 Nd4 19. Bg2 fxg4 20. Ng5
Ndf5 21. Rae1 Qd4 22. Nxg4 Qxf2+ 23. Rxf2 Nd4 24. Re5 Rf5 25. Ne4 Bb7 26.
Nd6 Bxg2 27. Kxg2 Rxe5 28. fxe5 Nef5 29. Ne4 Rc8 30. Ngf6 Nxc2 31. Nd6 Nxd6
32. exd6 Ne3+ 33. Kh3 Nf5 34. Ne4 Rd8 35. Nxc5 Rxd6 36. Re2 Kf7 37. Rb2 Rd5
38. Ne4 Rxd3+ 39. Kg2 Rd4 40. Ng5+ Kf6 41. Nf3 Nh4+ 42. Nxh4 Rxh4 43. Kg3
Rc4 44. Rf2+ Ke7 45. Kg2 a5 46. Rb2 e5 47. Kf2 0-1

[Event "ch-Commonwealth"]
[Site "Mumbai IND"]
[Date "2004.01.13"]
[Round "4"]
[White "Rajadharshini,M"]
[Black "Safin,S"]
[Result "0-1"]
[WhiteElo "2037"]
[BlackElo "2528"]
[EventDate "2004.01.10"]

1. c4 g6 2. Nc3 Bg7 3. g3 Nf6 4. Bg2 O-O 5. e3 d6 6. Nge2 e5 7. d3 c6 8.
O-O Re8 9. Rb1 Be6 10. b4 d5 11. cxd5 cxd5 12. d4 e4 13. a4 Nc6 14. Qb3 g5
15. Bd2 Qd7 16. Na2 Bg4 17. Nec3 Qf5 18. a5 Bf3 19. Na4 Ne7 20. N2c3 Ng6
21. h3 Bf8 22. Nc5 b6 23. axb6 axb6 24. N5a4 Bxg2 25. Kxg2 Nh4+ 26. gxh4
Qf3+ 27. Kg1 Qxh3 28. f3 Qg3+ 29. Kh1 Bd6 30. f4 Ng4 0-1

[Event "ch-Commonwealth"]
[Site "Mumbai IND"]
[Date "2004.01.13"]
[Round "4"]
[White "Rajasurya,J"]
[Black "Ravi,L"]
[Result "0-1"]
[WhiteElo "2028"]
[BlackElo "2462"]
[EventDate "2004.01.10"]

1. e4 c5 2. Nf3 a6 3. d4 cxd4 4. Nxd4 Nf6 5. Nc3 e5 6. Nb3 Bb4 7. Bd2 Bxc3
8. Bxc3 Nxe4 9. Qg4 Nf6 10. Qxg7 Rg8 11. Qh6 Nc6 12. Bd3 d5 13. f4 d4 14.
Bd2 e4 15. O-O-O exd3 16. Rde1+ Kd7 17. f5 b6 18. Bg5 Ng4 19. Bxd8 Nxh6 20.
Bxb6 Rxg2 21. Nc5+ Kd6 22. Ne4+ Kd5 23. cxd3 Nb4 24. Rd1 Bxf5 25. a3 Rc8+
26. Kb1 0-1

[Event "ch-Commonwealth"]
[Site "Mumbai IND"]
[Date "2004.01.15"]
[Round "6"]
[White "Tilak,S"]
[Black "Vakhidov,T"]
[Result "0-1"]
[WhiteElo "2310"]
[BlackElo "2515"]
[EventDate "2004.01.10"]

1. e4 e5 2. Nf3 Nc6 3. Bb5 Nf6 4. Nc3 Bb4 5. O-O O-O 6. d3 Bxc3 7. bxc3 d6
8. Bxc6 bxc6 9. h3 h6 10. Re1 Re8 11. Nh4 d5 12. Qf3 Nxe4 13. dxe4 Qxh4 14.
exd5 e4 15. Qd1 Qf6 16. Re3 Bf5 17. dxc6 Rad8 18. Qe2 Qd6 19. Rg3 Qd1+ 20.
Qf1 Qxf1+ 21. Kxf1 Rd6 22. Be3 a6 23. Bd4 f6 24. Rb1 Rxc6 25. Rb4 Kf7 26.
Ke1 Rd8 27. Ra4 Rb8 28. Rb4 Rd8 29. Ra4 Rd5 30. Ke2 Bd7 31. Ke3 Rxc3+ 32.
Bxc3 Bxa4 33. Kxe4 Rd1 34. Ba5 Bxc2+ 35. Ke3 c6 36. Ke2 Ra1 37. Ra3 Be4 38.
Bc3 Rh1 39. f3 Bd5 0-1

[Event "ch-Commonwealth"]
[Site "Mumbai IND"]
[Date "2004.01.15"]
[Round "6"]
[White "Kunte,A"]
[Black "Bakre,T"]
[Result "1/2-1/2"]
[WhiteElo "2512"]
[BlackElo "2446"]
[EventDate "2004.01.10"]

1. d4 Nf6 2. c4 e6 3. Nf3 b6 4. g3 Ba6 5. Qa4 Bb7 6. Bg2 c5 7. dxc5 Bxc5 8.
Nc3 O-O 9. O-O Be7 10. Rd1 Na6 11. Bf4 Nc5 12. Qc2 Qc8 13. Rac1 Nce4 14.
Nd4 Nxc3 15. Qxc3 Bxg2 16. Kxg2 Qb7+ 17. Qf3 Qxf3+ 18. Kxf3 Rfc8 19. e4 a6
20. Ne2 Ra7 21. b3 Ne8 22. e5 f6 23. Rc3 fxe5 24. Bxe5 Bf6 25. Bd4 1/2-1/2

[Event "ch-Commonwealth"]
[Site "Mumbai IND"]
[Date "2004.01.15"]
[Round "6"]
[White "Sundararajan,K"]
[Black "Hegde,R"]
[Result "1-0"]
[WhiteElo "2437"]
[BlackElo "2344"]
[EventDate "2004.01.10"]

1. d4 g6 2. Nf3 Bg7 3. e4 d6 4. c3 Nf6 5. Bd3 O-O 6. O-O Bg4 7. Nbd2 c5 8.
h3 Bxf3 9. Nxf3 Nc6 10. dxc5 dxc5 11. Qe2 Nd7 12. Be3 Qc7 13. Rad1 a6 14.
a4 Rfd8 15. Nd2 e6 16. f4 Kh8 17. Nf3 Re8 18. e5 f6 19. exf6 Nxf6 20. Ng5
Rad8 21. Bxc5 Nh5 22. Qe3 Rd5 23. Bb6 Qe7 24. Bc4 Nxf4 25. Qxf4 Rxg5 26.
Qd6 Qxd6 27. Rxd6 Re5 28. Rd7 Re4 29. Bb3 Re2 30. Rff7 Be5 31. Rxb7 Rxb2
32. Bxe6 Rb4 33. Kf2 Re7 34. Rfxe7 Nxe7 35. a5 Nc6 36. Bd5 Nb8 37. Rxb8+
1-0

[Event "ch-Commonwealth"]
[Site "Mumbai IND"]
[Date "2004.01.15"]
[Round "6"]
[White "Koneru,H"]
[Black "Sengupta,D"]
[Result "1-0"]
[WhiteElo "2498"]
[BlackElo "2349"]
[EventDate "2004.01.10"]

1. d4 e6 2. c4 b6 3. Nf3 Bb7 4. g3 Bb4+ 5. Nc3 f5 6. Bg2 Nf6 7. O-O O-O 8.
Qb3 Bxc3 9. Qxc3 Qe7 10. b3 d6 11. Ba3 Nbd7 12. Rac1 Ne4 13. Qc2 Rae8 14.
d5 e5 15. Nh4 g6 16. Bxe4 fxe4 17. Qxe4 Nf6 18. Qc2 Bc8 19. e4 Bh3 20. Ng2
Rf7 21. Rce1 Ref8 22. f3 Nh5 23. Qe2 h6 24. Bc1 Kh7 25. Rf2 Rf6 26. Ref1
Re8 27. Bb2 Rf7 28. Rd1 Ref8 29. Ne1 Qd7 30. Nd3 g5 31. Bxe5 dxe5 32. Nxe5
Qe7 33. Nxf7 Rxf7 34. e5 Bf5 35. f4 g4 36. Qd2 Ng7 37. b4 h5 38. Qc3 Be4
39. c5 h4 40. Re1 Bf3 41. Qd3+ Kg8 42. e6 Rf8 43. d6 cxd6 44. cxd6 Rd8 45.
Rd2 Qe8 46. f5 Bb7 47. d7 1-0

[Event "ch-Commonwealth"]
[Site "Mumbai IND"]
[Date "2004.01.15"]
[Round "6"]
[White "Dzhumaev,M"]
[Black "Murshed,N"]
[Result "1-0"]
[WhiteElo "2498"]
[BlackElo "2436"]
[EventDate "2004.01.10"]

1. e4 c5 2. Nf3 d6 3. d4 cxd4 4. Nxd4 Nf6 5. Nc3 Nc6 6. Bg5 e6 7. Qd2 a6 8.
O-O-O h6 9. Nxc6 bxc6 10. Bf4 d5 11. Qe3 Be7 12. Be2 Qa5 13. Qg3 dxe4 14.
h4 Qf5 15. Bd6 Nd5 16. Bxe7 Kxe7 17. Qxg7 Bb7 18. Qd4 Nxc3 19. Qxc3 c5 20.
Qg3 Rhc8 21. f3 Bd5 22. fxe4 Qxe4 23. Bh5 Rab8 24. Rhf1 f5 25. Rxd5 1-0

[Event "ch-Commonwealth"]
[Site "Mumbai IND"]
[Date "2004.01.15"]
[Round "6"]
[White "Deepan,C"]
[Black "Ramakrishna,J"]
[Result "1-0"]
[WhiteElo "2388"]
[BlackElo "2308"]
[EventDate "2004.01.10"]

1. e4 c5 2. Nf3 d6 3. d4 cxd4 4. Nxd4 Nf6 5. Nc3 g6 6. Be3 Bg7 7. f3 O-O 8.
Qd2 Nc6 9. O-O-O Nxd4 10. Bxd4 Be6 11. Kb1 Rc8 12. g4 a6 13. h4 h5 14. g5
Nd7 15. f4 Bxd4 16. Qxd4 Qa5 17. Nd5 Bxd5 18. exd5 Qb6 19. Bh3 Qxd4 20.
Rxd4 Rc7 21. Re1 Nb6 22. Re3 f6 23. b3 fxg5 24. hxg5 Kg7 25. c4 Rf7 26. Be6
Rf8 27. Bh3 Rf7 28. Rde4 Kf8 29. Be6 Rg7 30. Rf3 Nd7 31. f5 gxf5 32. Rxf5+
Ke8 33. Rh4 Rc5 1-0

[Event "ch-Commonwealth"]
[Site "Mumbai IND"]
[Date "2004.01.15"]
[Round "6"]
[White "Prasad,D"]
[Black "Lim Yee Weng"]
[Result "1/2-1/2"]
[WhiteElo "2395"]
[BlackElo "2311"]
[EventDate "2004.01.10"]

1. e4 d5 2. exd5 Qxd5 3. Nc3 Qa5 4. d4 Nf6 5. Nf3 Bf5 6. Bc4 e6 7. Bd2 c6
8. Nd5 Qd8 9. Nxf6+ Qxf6 10. Qe2 Nd7 11. O-O-O Bd6 12. h3 h6 13. Kb1 O-O-O
14. Bb3 Qe7 15. a3 Nf6 16. Ne5 Ne4 17. Ba5 Bc7 18. Bxc7 Kxc7 19. g4 Bh7 20.
f3 Nd6 21. Ka2 Rhe8 22. c4 f6 23. Nd3 e5 24. Rhe1 Bxd3 25. Rxd3 Qf8 26. Qf2
exd4 27. c5 Nf7 28. Rxe8 Qxe8 29. Rxd4 Rxd4 30. Qxd4 Qe7 31. f4 Nd8 32. Qc4
b6 33. cxb6+ axb6 34. f5 Nb7 35. Qg8 Nd8 1/2-1/2

[Event "ch-Commonwealth"]
[Site "Mumbai IND"]
[Date "2004.01.15"]
[Round "6"]
[White "Mohota,N"]
[Black "Ravi,L"]
[Result "0-1"]
[WhiteElo "2337"]
[BlackElo "2462"]
[EventDate "2004.01.10"]

1. d4 Nf6 2. c4 c5 3. d5 e6 4. Nc3 exd5 5. cxd5 d6 6. e4 g6 7. h3 Bg7 8.
Nf3 O-O 9. Bd3 a6 10. a4 Nbd7 11. O-O Nh5 12. Re1 Ne5 13. Be2 Nxf3+ 14.
Bxf3 Qh4 15. Be3 Nf4 16. Bg4 Nxg2 17. Kxg2 f5 18. exf5 gxf5 19. f3 fxg4 20.
fxg4 h5 21. Rh1 Be5 22. Qe1 Qf6 23. Qe2 Qg6 24. Raf1 Rxf1 25. Kxf1 hxg4 26.
h4 Bf5 27. h5 Qf7 28. Kg1 Re8 29. Qd2 Bh7 30. h6 Qf3 31. Bf2 g3 0-1

[Event "ch-Commonwealth"]
[Site "Mumbai IND"]
[Date "2004.01.15"]
[Round "6"]
[White "Roy Chowdhury,S"]
[Black "Laxman,R"]
[Result "1-0"]
[WhiteElo "2400"]
[BlackElo "2335"]
[EventDate "2004.01.10"]

1. e4 c5 2. Nf3 d6 3. Nc3 Nf6 4. b3 Bg4 5. h3 Bh5 6. Be2 Bxf3 7. Bxf3 Nc6
8. g3 e6 9. O-O Be7 10. Bg2 h5 11. f4 h4 12. g4 Qd7 13. Ne2 e5 14. f5 d5
15. exd5 Nxd5 16. d3 Bf6 17. Be4 O-O-O 18. g5 Rh5 19. gxf6 Nxf6 20. Bf3
Rxf5 21. Bxc6 Rxf1+ 22. Qxf1 Qxc6 23. Bg5 Rh8 24. Bxf6 gxf6 25. Qf5+ Kb8
26. Kf2 Qb6 27. c4 Rd8 28. Ke3 a6 29. Rg1 Qd6 30. Rg4 Rd7 31. Nc3 e4 32.
Nd5 exd3 33. Qf4 1-0

[Event "ch-Commonwealth"]
[Site "Mumbai IND"]
[Date "2004.01.15"]
[Round "6"]
[White "Gokhale,C"]
[Black "Safin,S"]
[Result "1/2-1/2"]
[WhiteElo "2372"]
[BlackElo "2528"]
[EventDate "2004.01.10"]

1. d4 Nf6 2. Nf3 g6 3. g3 Bg7 4. Bg2 O-O 5. O-O d6 6. b3 e5 7. dxe5 dxe5 8.
Bb2 e4 9. Qxd8 Rxd8 10. Nfd2 Bf5 11. h3 h5 12. e3 Na6 13. a3 Nc5 14. b4 Na4
15. Bd4 Rac8 16. Nb3 b6 17. Nc3 Rxd4 18. Nxa4 Rdd8 19. Rad1 Nd5 20. c4 Ne7
21. Nd4 Bd7 22. Nc3 f5 23. f3 c5 24. bxc5 bxc5 25. Nde2 Be6 26. fxe4 Bxc4
27. Rxd8+ Rxd8 28. Rc1 fxe4 29. Bxe4 Bf7 30. h4 Nf5 31. Kf2 Nh6 32. Nf4
Ng4+ 33. Ke2 Re8 34. Kf3 c4 35. Rc2 Bf8 36. Nb5 Rb8 37. Nd4 Bxa3 38. Bd5
Re8 39. e4 a5 40. Nc6 Bxd5 41. Nxd5 Rf8+ 42. Nf4 Rc8 43. Nxa5 Ne5+ 44. Ke2
Rc5 45. Nxc4 Rxc4 46. Rxc4 Nxc4 47. Nxg6 Kg7 48. Nf4 Kh6 49. Nd3 Bd6 50. e5
Bxe5 51. Kf3 Nd2+ 52. Ke2 Nc4 53. Kf3 Nd2+ 54. Ke2 Bc3 55. Nf2 Bd4 56. Kxd2
Bxf2 57. Ke2 Bxg3 58. Kf3 1/2-1/2